UM Logo

Perceived reasons of drinking liquor among Students in UMDC / (Record no. 13168)

MARC details
000 -LEADER
fixed length control field 00647nam a22001697a 4500
008 - FIXED-LENGTH DATA ELEMENTS--GENERAL INFORMATION
fixed length control field 190209b ||||| |||| 00| 0 eng d
082 ## - DEWEY DECIMAL CLASSIFICATION NUMBER
Edition number 2018
Classification number UT 1182
Item number C38
100 ## - MAIN ENTRY--PERSONAL NAME
Personal name Cayuga, Nestor Jr. P.
9 (RLIN) 36845
245 ## - TITLE STATEMENT
Title Perceived reasons of drinking liquor among Students in UMDC /
Statement of responsibility, etc. Nestor Jr. P. Cayuga, Albert Jones C. Ang, and Dave G. Daya
260 ## - PUBLICATION, DISTRIBUTION, ETC. (IMPRINT)
Place of publication, distribution, etc. Digos City:
Name of publisher, distributor, etc. UMDC
Date of publication, distribution, etc. November 2018.
300 ## - PHYSICAL DESCRIPTION
Extent 51 pages;
Dimensions 30 cm.
650 ## - SUBJECT ADDED ENTRY--TOPICAL TERM
Topical term or geographic name as entry element Criminal Justice Education
Form subdivision Criminology
General subdivision Undergraduate thesis.
9 (RLIN) 33107
700 ## - ADDED ENTRY--PERSONAL NAME
Personal name Cayuga, Nestor Jr. P.
9 (RLIN) 36845
700 ## - ADDED ENTRY--PERSONAL NAME
Personal name Ang, Albert Jones C.
9 (RLIN) 36846
700 ## - ADDED ENTRY--PERSONAL NAME
Personal name Daya, Dave G.
9 (RLIN) 36847
942 ## - ADDED ENTRY ELEMENTS (KOHA)
Source of classification or shelving scheme Dewey Decimal Classification
Koha item type Undergraduate Thesis
Holdings
Withdrawn status Lost status Source of classification or shelving scheme Damaged status Not for loan Collection code Home library Current library Date acquired Total Checkouts Full call number Barcode Date last seen Copy number Price effective from Koha item type
    Dewey Decimal Classification     Undergraduate Theses UM Digos College - LIC UM Digos College - LIC 02/04/2019   UT 1182 C38 2018 UT1182 02/09/2019 1 02/09/2019 Undergraduate Thesis